[Event "ODJM C 2025"]
[Site "Willingen GER"]
[Date "2025.06.13"]
[Round "8"]
[White "Steppat, Tristan"]
[Black "Lohmüller, Alina"]
[Result "1-0"]
[Termination "normal"]
[Board "32"]
[WhiteElo "1004"]
[BlackElo "772"]
[WhiteClock "01:07:45"]
[BlackClock "01:03:09"]
[PlyCount "59"]
[WhiteFideId "533004811"]
[BlackFideId "533025509"]
[EventCountry "GER"]
[EventRounds "9"]
[EventType "swiss"]
[EventDate "2025.06.07"]

1. e4 {[%emt 00:00:16]} e5 {[%emt 00:00:04]} 2. Nf3 {[%emt 00:00:24]} Nc6
{[%emt 00:00:16]} 3. Bc4 {[%emt 00:00:29]} Bc5 {[%emt 00:00:26]} 4. c3 {[%emt
00:00:13]} Nf6 {[%emt 00:00:19]} 5. d4 {[%clk 01:25:56]} {[%emt 00:02:19]} Bb6
{[%clk 01:26:23]} {[%emt 00:04:54]} 6. dxe5 {[%emt 00:03:06]} Nxe4 {[%emt
00:01:12]} 7. O-O {[%emt 00:00:20]} d6 {[%emt 00:00:57]} 8. Qe2 {[%emt
00:00:27]} Bf5 {[%emt 00:00:58]} 9. Nbd2 {[%clk 01:17:24]} {[%emt 00:00:31]} d5
{[%clk 01:26:01]} {[%emt 00:02:23]} 10. Bd3 {[%clk 01:15:32]} {[%emt 00:00:26]}
Bxf2+ {[%clk 01:26:02]} {[%emt 00:02:25]} 11. Rxf2 {[%emt 00:00:14]} Nxf2
{[%emt 00:00:20]} 12. Kxf2 {[%clk 01:14:36]} {[%emt 00:00:09]} Bg4 {[%clk
01:24:31]} {[%emt 00:02:44]} 13. c4 {[%clk 01:14:57]} {[%emt 00:00:10]} Nd4
{[%clk 01:22:32]} {[%emt 00:02:28]} 14. Qe3 {[%clk 01:15:07]} {[%emt 00:00:20]}
dxc4 {[%clk 01:22:27]} {[%emt 00:00:35]} 15. Nxc4 {[%clk 01:14:33]} {[%emt
00:00:13]} Qd5 {[%clk 01:17:40]} {[%emt 00:06:06]} 16. Ng5 {[%clk 01:14:28]}
{[%emt 00:00:28]} O-O-O {[%clk 01:16:49]} {[%emt 00:01:29]} 17. Qf4 {[%clk
01:14:44]} {[%emt 00:00:15]} Be6 {[%emt 00:05:26]} 18. Be2 {[%clk 01:12:10]}
{[%emt 00:00:10]} Qc5 {[%clk 01:11:48]} {[%emt 00:03:28]} 19. b3 {[%emt
00:00:14]} Bxc4 {[%emt 00:02:15]} 20. Bxc4 {[%emt 00:00:16]} Ne6+ {[%emt
00:00:46]} 21. Be3 {[%clk 01:08:50]} {[%emt 00:00:14]} Qa3 {[%clk 01:08:52]}
{[%emt 00:03:32]} 22. Qxf7 {[%clk 01:07:43]} {[%emt 00:00:41]} Qb2+ {[%clk
01:09:13]} {[%emt 00:01:05]} 23. Kg3 {[%emt 00:00:05]} Qxa1 {[%emt 00:00:10]}
24. Nxe6 {[%clk 01:07:52]} {[%emt 00:00:05]} Rd7 {[%clk 01:07:10]} {[%emt
00:02:35]} 25. Qf5 {[%clk 01:06:21]} {[%emt 00:00:19]} Re8 {[%clk 01:04:13]}
{[%emt 00:05:08]} 26. Nf8 {[%clk 01:06:34]} {[%emt 00:00:16]} Red8 {[%clk
01:02:36]} {[%emt 00:02:08]} 27. Nxd7 {[%clk 01:06:40]} {[%emt 00:00:24]} Rxd7
{[%clk 01:02:33]} {[%emt 00:00:32]} 28. Qf8+ {[%clk 01:07:06]} {[%emt
00:00:04]} Rd8 {[%clk 01:02:50]} {[%emt 00:00:14]} 29. Be6+ {[%clk 01:07:30]}
{[%emt 00:00:07]} Kb8 {[%clk 01:03:09]} {[%emt 00:00:11]} 30. Qxd8# {[%clk
01:07:45]} {[%emt 00:00:09]} 1-0

[Event "ODJM C 2025"]
[Site "Willingen GER"]
[Date "2025.06.13"]
[Round "8"]
[White "Fels, Henri"]
[Black "Stepanjan, Gurgen"]
[Result "1-0"]
[Termination "normal"]
[Board "33"]
[WhiteElo "940"]
[BlackElo "751"]
[WhiteClock "00:55:48"]
[BlackClock "01:15:52"]
[PlyCount "57"]
[WhiteFideId "533043779"]
[BlackFideId "34655280"]
[EventCountry "GER"]
[EventRounds "9"]
[EventType "swiss"]
[EventDate "2025.06.07"]

1. d4 {[%clk 01:30:57]} {[%emt 00:00:03]} d5 {[%clk 01:30:50]} {[%emt
00:00:06]} 2. Nc3 {[%clk 01:31:25]} {[%emt 00:00:06]} Nf6 {[%clk 01:31:01]}
{[%emt 00:00:12]} 3. Bf4 {[%clk 01:31:53]} {[%emt 00:00:09]} e6 {[%clk
01:31:03]} {[%emt 00:00:29]} 4. f3 {[%clk 01:32:07]} {[%emt 00:00:15]} Bb4
{[%clk 01:31:12]} {[%emt 00:00:21]} 5. Qd2 {[%clk 01:32:19]} {[%emt 00:00:18]}
O-O {[%clk 01:30:54]} {[%emt 00:00:48]} 6. O-O-O {[%clk 01:32:19]} {[%emt
00:00:30]} Nc6 {[%clk 01:31:06]} {[%emt 00:00:18]} 7. g4 {[%clk 01:32:18]}
{[%emt 00:00:31]} Nd7 {[%clk 01:31:05]} {[%emt 00:00:32]} 8. h4 {[%clk
01:32:09]} {[%emt 00:00:38]} e5 {[%clk 01:31:13]} {[%emt 00:00:22]} 9. dxe5
{[%clk 01:30:43]} {[%emt 00:01:57]} d4 {[%clk 01:31:16]} {[%emt 00:00:27]} 10.
Qd3 {[%clk 01:22:06]} {[%emt 00:09:06]} Ncxe5 {[%clk 01:31:13]} {[%emt
00:00:34]} 11. Qxd4 {[%clk 01:21:37]} {[%emt 00:00:59]} Nc6 {[%clk 01:29:39]}
{[%emt 00:02:04]} 12. Qd3 {[%clk 01:19:28]} {[%emt 00:02:39]} Nc5 {[%clk
01:29:41]} {[%emt 00:00:25]} 13. Qc4 {[%clk 01:17:21]} {[%emt 00:02:40]} b5
{[%clk 01:28:39]} {[%emt 00:01:32]} 14. Qxb5 {[%clk 01:15:23]} {[%emt
00:02:29]} Qe8 {[%clk 01:26:18]} {[%emt 00:01:22]} 15. Qc4 {[%clk 01:13:14]}
{[%emt 00:04:07]} Ba6 {[%clk 01:26:13]} {[%emt 00:00:35]} 16. Qd5 {[%clk
01:11:14]} {[%emt 00:02:30]} Rd8 {[%clk 01:26:04]} {[%emt 00:00:39]} 17. Qf5
{[%clk 01:07:00]} {[%emt 00:04:43]} Rxd1+ {[%clk 01:25:17]} {[%emt 00:01:17]}
18. Kxd1 {[%clk 01:06:09]} {[%emt 00:01:21]} Qd8+ {[%clk 01:25:05]} {[%emt
00:00:42]} 19. Kc1 {[%clk 01:03:32]} {[%emt 00:03:07]} Qd4 {[%clk 01:24:20]}
{[%emt 00:01:15]} 20. Nd5 {[%clk 01:00:41]} {[%emt 00:03:21]} Rd8 {[%clk
01:22:42]} {[%emt 00:02:05]} 21. c3 {[%clk 00:59:12]} {[%emt 00:02:02]} Qxd5
{[%clk 01:22:27]} {[%emt 00:00:46]} 22. Qxd5 {[%clk 00:59:06]} {[%emt
00:00:35]} Rxd5 {[%clk 01:22:35]} {[%emt 00:00:22]} 23. cxb4 {[%clk 00:59:10]}
{[%emt 00:00:26]} Ne6 {[%emt 00:01:35]} 24. e4 {[%clk 00:58:54]} {[%emt
00:00:14]} Rd1+ {[%clk 01:21:14]} {[%emt 00:01:18]} 25. Kxd1 {[%clk 00:58:03]}
{[%emt 00:01:21]} Bxf1 {[%clk 01:21:14]} {[%emt 00:00:30]} 26. Bd2 {[%clk
00:57:33]} {[%emt 00:01:01]} Bg2 {[%clk 01:17:36]} {[%emt 00:00:43]} 27. Rh2
{[%clk 00:57:28]} {[%emt 00:03:59]} Bf1 {[%clk 01:15:52]} {[%emt 00:00:38]} 28.
Ne2 {[%clk 00:57:06]} {[%emt 00:02:28]} Ned4 {[%emt 00:05:21]} 29. Nxd4 {[%clk
00:55:48]} {[%emt 00:01:42]} 1-0

[Event "ODJM C 2025"]
[Site "Willingen GER"]
[Date "2025.06.13"]
[Round "8"]
[White "Er, Cemile"]
[Black "Weimar, Yaron"]
[Result "0-1"]
[Termination "normal"]
[Board "34"]
[WhiteElo "760"]
[BlackElo "918"]
[WhiteClock "01:13:02"]
[BlackClock "01:27:32"]
[PlyCount "52"]
[WhiteFideId "533001871"]
[BlackFideId "533013098"]
[EventCountry "GER"]
[EventRounds "9"]
[EventType "swiss"]
[EventDate "2025.06.07"]

1. Nf3 {[%clk 01:30:58]} {[%emt 00:00:01]} d5 {[%clk 01:30:52]} {[%emt
00:00:09]} 2. d3 {[%clk 01:31:19]} {[%emt 00:00:08]} Nc6 {[%clk 01:31:15]}
{[%emt 00:00:08]} 3. g3 {[%clk 01:31:20]} {[%emt 00:00:16]} Bf5 {[%clk
01:31:29]} {[%emt 00:00:28]} 4. Bg2 {[%clk 01:31:23]} {[%emt 00:00:27]} e5
{[%clk 01:31:39]} {[%emt 00:00:21]} 5. Bg5 {[%clk 01:29:53]} {[%emt 00:02:00]}
Nf6 {[%clk 01:31:41]} {[%emt 00:00:28]} 6. Nbd2 {[%clk 01:30:04]} {[%emt
00:00:19]} Be7 {[%clk 01:31:36]} {[%emt 00:00:35]} 7. O-O {[%clk 01:30:19]}
{[%emt 00:00:15]} Qd6 {[%clk 01:31:18]} {[%emt 00:00:48]} 8. c3 {[%clk
01:28:58]} {[%emt 00:01:51]} h6 {[%clk 01:31:34]} {[%emt 00:00:13]} 9. Be3
{[%clk 01:29:10]} {[%emt 00:00:18]} Ng4 {[%clk 01:31:18]} {[%emt 00:00:46]} 10.
b4 {[%clk 01:26:09]} {[%emt 00:03:31]} Nxe3 {[%clk 01:31:13]} {[%emt 00:00:35]}
11. fxe3 {[%clk 01:26:30]} {[%emt 00:00:09]} Bf6 {[%clk 01:31:12]} {[%emt
00:00:32]} 12. a4 {[%clk 01:26:02]} {[%emt 00:00:58]} e4 {[%clk 01:31:25]}
{[%emt 00:00:16]} 13. Ne1 {[%clk 01:24:34]} {[%emt 00:01:57]} Bxc3 {[%clk
01:30:25]} {[%emt 00:01:32]} 14. Rxf5 {[%clk 01:24:38]} {[%emt 00:00:25]} Bxa1
{[%clk 01:30:38]} {[%emt 00:00:17]} 15. Qxa1 {[%clk 01:24:43]} {[%emt
00:00:26]} Qxb4 {[%clk 01:30:39]} {[%emt 00:00:30]} 16. Qa2 {[%clk 01:23:24]}
{[%emt 00:01:49]} O-O-O {[%clk 01:30:24]} {[%emt 00:00:44]} 17. Bh3 {[%clk
01:23:14]} {[%emt 00:00:40]} Kb8 {[%clk 01:30:39]} {[%emt 00:00:16]} 18. Rxf7
{[%clk 01:23:22]} {[%emt 00:00:22]} Qc5 {[%clk 01:29:53]} {[%emt 00:01:16]} 19.
Nc2 {[%clk 01:22:57]} {[%emt 00:00:55]} a5 {[%clk 01:29:38]} {[%emt 00:00:46]}
20. Rxg7 {[%clk 01:23:13]} {[%emt 00:00:13]} Nb4 {[%clk 01:29:47]} {[%emt
00:00:21]} 21. Qb2 {[%clk 01:19:17]} {[%emt 00:04:26]} Qxc2 {[%clk 01:29:28]}
{[%emt 00:00:48]} 22. Qd4 {[%clk 01:17:06]} {[%emt 00:02:41]} Qxd2 {[%clk
01:29:17]} {[%emt 00:00:42]} 23. Qc5 {[%clk 01:17:16]} {[%emt 00:00:20]} Qc2
{[%clk 01:28:46]} {[%emt 00:01:01]} 24. Qxa5 {[%clk 01:13:59]} {[%emt
00:03:46]} Rhf8 {[%clk 01:27:15]} {[%emt 00:02:02]} 25. Be6 {[%clk 01:12:49]}
{[%emt 00:01:40]} Qd1+ {[%clk 01:27:27]} {[%emt 00:00:17]} 26. Kg2 {[%clk
01:13:02]} {[%emt 00:00:17]} Qf1# {[%clk 01:27:32]} {[%emt 00:00:20]} 0-1

[Event "ODJM C 2025"]
[Site "Willingen GER"]
[Date "2025.06.13"]
[Round "8"]
[White "Peglau, Louise Deborah"]
[Black "Tadic, Mina"]
[Result "1-0"]
[Termination "normal"]
[Board "35"]
[WhiteElo "861"]
[BlackElo "718"]
[WhiteClock "01:30:35"]
[BlackClock "01:24:17"]
[PlyCount "63"]
[WhiteFideId "34667008"]
[BlackFideId "533031711"]
[EventCountry "GER"]
[EventRounds "9"]
[EventType "swiss"]
[EventDate "2025.06.07"]

1. d4 {[%clk 01:30:58]} {[%emt 00:00:01]} d5 {[%clk 01:30:53]} {[%emt
00:00:08]} 2. c4 {[%clk 01:31:20]} {[%emt 00:00:07]} Nf6 {[%clk 01:29:31]}
{[%emt 00:01:52]} 3. Nc3 {[%clk 01:31:39]} {[%emt 00:00:11]} dxc4 {[%clk
01:29:40]} {[%emt 00:00:22]} 4. e4 {[%clk 01:31:53]} {[%emt 00:00:16]} Nc6
{[%clk 01:29:01]} {[%emt 00:01:09]} 5. Bxc4 {[%clk 01:32:11]} {[%emt 00:00:11]}
Nxd4 {[%clk 01:29:03]} {[%emt 00:00:29]} 6. Bd3 {[%clk 01:32:10]} {[%emt
00:00:29]} e5 {[%clk 01:28:33]} {[%emt 00:01:01]} 7. Bg5 {[%clk 01:32:06]}
{[%emt 00:00:34]} h6 {[%emt 00:00:37]} 8. Bh4 {[%emt 00:00:11]} Bb4 {[%clk
01:28:04]} {[%emt 00:00:12]} 9. Qa4+ {[%clk 01:31:45]} {[%emt 00:00:51]} Nc6
{[%clk 01:28:02]} {[%emt 00:00:31]} 10. Bb5 {[%clk 01:31:41]} {[%emt 00:00:33]}
Bxc3+ {[%clk 01:28:10]} {[%emt 00:00:22]} 11. bxc3 {[%clk 01:31:56]} {[%emt
00:00:16]} O-O {[%clk 01:28:00]} {[%emt 00:00:39]} 12. Bxc6 {[%clk 01:32:10]}
{[%emt 00:00:17]} bxc6 {[%clk 01:28:15]} {[%emt 00:00:15]} 13. Qxc6 {[%clk
01:32:16]} {[%emt 00:00:24]} Bb7 {[%clk 01:27:30]} {[%emt 00:01:16]} 14. Qxb7
{[%clk 01:32:16]} {[%emt 00:00:29]} Rb8 {[%clk 01:27:38]} {[%emt 00:00:22]} 15.
Qc6 {[%clk 01:32:11]} {[%emt 00:00:33]} Rb2 {[%clk 01:26:43]} {[%emt 00:01:27]}
16. Bxf6 {[%clk 01:32:03]} {[%emt 00:00:38]} gxf6 {[%clk 01:27:00]} {[%emt
00:00:14]} 17. Qd5 {[%clk 01:31:48]} {[%emt 00:00:42]} Qc8 {[%clk 01:26:33]}
{[%emt 00:00:58]} 18. Nf3 {[%clk 01:31:45]} {[%emt 00:00:33]} Qa6 {[%clk
01:26:26]} {[%emt 00:00:29]} 19. Qd1 {[%clk 01:30:52]} {[%emt 00:01:28]} Qb6
{[%clk 01:26:22]} {[%emt 00:00:35]} 20. O-O {[%clk 01:29:59]} {[%emt 00:01:26]}
c5 {[%clk 01:25:49]} {[%emt 00:01:02]} 21. Rb1 {[%clk 01:30:00]} {[%emt
00:00:30]} Rxa2 {[%clk 01:25:56]} {[%emt 00:00:23]} 22. Rxb6 {[%clk 01:30:09]}
{[%emt 00:00:22]} axb6 {[%clk 01:25:59]} {[%emt 00:00:27]} 23. Qc1 {[%clk
01:30:22]} {[%emt 00:00:16]} Kg7 {[%clk 01:26:01]} {[%emt 00:00:28]} 24. Rd1
{[%clk 01:30:05]} {[%emt 00:00:46]} c4 {[%clk 01:25:48]} {[%emt 00:00:44]} 25.
Rd2 {[%clk 01:30:23]} {[%emt 00:00:12]} Ra5 {[%clk 01:24:27]} {[%emt 00:01:51]}
26. Rd5 {[%clk 01:30:30]} {[%emt 00:00:21]} Ra6 {[%clk 01:24:26]} {[%emt
00:00:33]} 27. Nh4 {[%clk 01:30:49]} {[%emt 00:00:09]} Rfa8 {[%clk 01:24:33]}
{[%emt 00:00:24]} 28. Nf5+ {[%clk 01:30:56]} {[%emt 00:00:24]} Kf8 {[%clk
01:24:46]} {[%emt 00:00:17]} 29. Qxh6+ {[%clk 01:31:08]} {[%emt 00:00:18]} Ke8
{[%emt 00:00:11]} 30. Nd6+ {[%emt 00:00:33]} Ke7 {[%clk 01:24:21]} {[%emt
00:00:11]} 31. Nf5+ {[%clk 01:31:08]} {[%emt 00:00:30]} Ke8 {[%clk 01:24:17]}
{[%emt 00:00:33]} 32. Qh8# {[%clk 01:30:35]} {[%emt 00:00:21]} 1-0

[Event "ODJM C 2025"]
[Site "Willingen GER"]
[Date "2025.06.14"]
[Round "9"]
[White "Wolf, Anna"]
[Black "Schöning, Leopold"]
[Result "1-0"]
[Termination "normal"]
[Board "2"]
[WhiteElo "1488"]
[BlackElo "1525"]
[WhiteClock "00:34:18"]
[BlackClock "00:59:29"]
[PlyCount "39"]
[WhiteFideId "34616993"]
[BlackFideId "34678964"]
[EventCountry "GER"]
[EventRounds "9"]
[EventType "swiss"]
[EventDate "2025.06.07"]

1. e4 {[%clk 01:30:56]} {[%emt 00:00:03]} c5 {[%clk 01:30:01]} {[%emt
00:01:00]} 2. c3 {[%clk 01:31:16]} {[%emt 00:00:10]} d5 {[%clk 01:29:48]}
{[%emt 00:00:43]} 3. exd5 {[%clk 01:31:33]} {[%emt 00:00:12]} Qxd5 {[%clk
01:29:40]} {[%emt 00:00:39]} 4. d4 {[%clk 01:31:52]} {[%emt 00:00:11]} Nc6
{[%clk 01:29:29]} {[%emt 00:00:42]} 5. Nf3 {[%clk 01:32:12]} {[%emt 00:00:10]}
e6 {[%clk 01:29:06]} {[%emt 00:00:53]} 6. Na3 {[%clk 01:26:52]} {[%emt
00:05:49]} cxd4 {[%clk 01:27:24]} {[%emt 00:02:12]} 7. Nb5 {[%clk 01:25:50]}
{[%emt 00:01:32]} Qd8 {[%clk 01:25:13]} {[%emt 00:02:42]} 8. cxd4 {[%clk
01:24:10]} {[%emt 00:02:08]} a6 {[%clk 01:24:28]} {[%emt 00:01:15]} 9. Nc3
{[%clk 01:22:34]} {[%emt 00:02:07]} Nf6 {[%clk 01:21:58]} {[%emt 00:03:00]} 10.
Bg5 {[%clk 01:21:28]} {[%emt 00:01:36]} Be7 {[%clk 01:21:21]} {[%emt 00:01:07]}
11. Bc4 {[%clk 01:12:58]} {[%emt 00:09:00]} O-O {[%clk 01:17:49]} {[%emt
00:04:01]} 12. O-O {[%clk 01:13:03]} {[%emt 00:00:25]} b5 {[%clk 01:11:28]}
{[%emt 00:06:53]} 13. Bd3 {[%clk 00:54:09]} {[%emt 00:19:22]} Bb7 {[%clk
01:08:49]} {[%emt 00:03:11]} 14. a3 {[%clk 00:52:15]} {[%emt 00:02:23]} Qd7
{[%clk 01:04:47]} {[%emt 00:04:32]} 15. Ne5 {[%clk 00:47:27]} {[%emt 00:05:17]}
Nxe5 {[%clk 01:01:39]} {[%emt 00:03:39]} 16. dxe5 {[%clk 00:47:05]} {[%emt
00:00:52]} Nd5 {[%clk 01:01:54]} {[%emt 00:00:15]} 17. Be3 {[%clk 00:38:55]}
{[%emt 00:08:39]} Nxe3 {[%clk 00:59:52]} {[%emt 00:02:32]} 18. Bxh7+ {[%clk
00:34:32]} {[%emt 00:04:54]} Kxh7 {[%clk 00:59:16]} {[%emt 00:01:07]} 19. Qxd7
{[%clk 00:34:28]} {[%emt 00:00:34]} Nxf1 {[%clk 00:59:29]} {[%emt 00:00:16]}
20. Rxf1 {[%clk 00:34:18]} {[%emt 00:00:40]} 1-0

[Event "ODJM C 2025"]
[Site "Willingen GER"]
[Date "2025.06.14"]
[Round "9"]
[White "Trush, Diana"]
[Black "Friede, Juan"]
[Result "0-1"]
[Termination "normal"]
[Board "3"]
[WhiteElo "1708"]
[BlackElo "1197"]
[WhiteClock "00:08:42"]
[BlackClock "00:02:54"]
[PlyCount "120"]
[WhiteFideId "34644091"]
[BlackFideId "533043760"]
[EventCountry "GER"]
[EventRounds "9"]
[EventType "swiss"]
[EventDate "2025.06.07"]

1. e4 {[%clk 01:30:58]} {[%emt 00:00:02]} e6 {[%clk 01:30:55]} {[%emt
00:00:06]} 2. d4 {[%clk 01:31:21]} {[%emt 00:00:07]} d5 {[%clk 01:31:18]}
{[%emt 00:00:08]} 3. e5 {[%clk 01:31:43]} {[%emt 00:00:07]} c5 {[%clk
01:31:44]} {[%emt 00:00:03]} 4. c3 {[%clk 01:32:02]} {[%emt 00:00:11]} Nc6
{[%clk 01:32:11]} {[%emt 00:00:04]} 5. Nf3 {[%clk 01:32:23]} {[%emt 00:00:09]}
Qb6 {[%clk 01:32:36]} {[%emt 00:00:05]} 6. a3 {[%clk 01:32:42]} {[%emt
00:00:11]} a5 {[%clk 01:33:01]} {[%emt 00:00:05]} 7. Be2 {[%clk 01:31:48]}
{[%emt 00:01:25]} a4 {[%clk 01:29:53]} {[%emt 00:03:38]} 8. Be3 {[%clk
01:31:00]} {[%emt 00:01:17]} cxd4 {[%clk 01:27:32]} {[%emt 00:02:50]} 9. cxd4
{[%clk 01:31:09]} {[%emt 00:00:22]} Qxb2 {[%clk 01:26:51]} {[%emt 00:01:11]}
10. Nbd2 {[%clk 01:31:25]} {[%emt 00:00:13]} Bxa3 {[%clk 01:24:19]} {[%emt
00:03:03]} 11. O-O {[%clk 01:28:15]} {[%emt 00:03:40]} Nh6 {[%clk 01:16:46]}
{[%emt 00:08:03]} 12. Bb5 {[%clk 01:26:34]} {[%emt 00:02:11]} Qxb5 {[%clk
01:12:45]} {[%emt 00:04:30]} 13. Rxa3 {[%clk 01:26:52]} {[%emt 00:00:14]} Nf5
{[%clk 01:10:56]} {[%emt 00:02:18]} 14. Nb3 {[%clk 01:24:10]} {[%emt 00:03:12]}
Nxe3 {[%clk 01:08:15]} {[%emt 00:03:11]} 15. fxe3 {[%clk 01:24:31]} {[%emt
00:00:09]} b6 {[%clk 01:01:44]} {[%emt 00:07:01]} 16. Ng5 {[%clk 01:21:36]}
{[%emt 00:03:25]} Ra7 {[%clk 00:49:05]} {[%emt 00:13:09]} 17. Qf3 {[%clk
01:09:11]} {[%emt 00:12:55]} Nd8 {[%clk 00:44:38]} {[%emt 00:04:57]} 18. e4
{[%clk 01:08:00]} {[%emt 00:01:40]} Ba6 {[%clk 00:40:12]} {[%emt 00:04:57]} 19.
Nd2 {[%clk 01:05:07]} {[%emt 00:03:23]} Qb4 {[%clk 00:34:38]} {[%emt 00:06:04]}
20. Rf2 {[%clk 01:03:47]} {[%emt 00:01:49]} h6 {[%clk 00:32:14]} {[%emt
00:02:55]} 21. Nh3 {[%clk 00:58:02]} {[%emt 00:06:15]} Qxd4 {[%clk 00:30:07]}
{[%emt 00:02:36]} 22. exd5 {[%clk 00:51:28]} {[%emt 00:07:04]} Bb7 {[%clk
00:28:05]} {[%emt 00:02:33]} 23. Ne4 {[%clk 00:29:29]} {[%emt 00:22:30]} Bxd5
{[%clk 00:21:30]} {[%emt 00:07:03]} 24. Nd6+ {[%clk 00:27:07]} {[%emt
00:02:52]} Kf8 {[%clk 00:21:37]} {[%emt 00:00:24]} 25. Qh5 {[%clk 00:25:51]}
{[%emt 00:01:45]} g6 {[%clk 00:18:26]} {[%emt 00:03:41]} 26. Qe2 {[%clk
00:23:03]} {[%emt 00:03:18]} Qc5 {[%clk 00:14:12]} {[%emt 00:04:44]} 27. Nf4
{[%clk 00:10:48]} {[%emt 00:12:45]} Qxa3 {[%clk 00:13:10]} {[%emt 00:01:33]}
28. Nxg6+ {[%clk 00:11:11]} {[%emt 00:00:07]} Kg7 {[%clk 00:12:58]} {[%emt
00:00:41]} 29. Nxh8 {[%clk 00:10:42]} {[%emt 00:00:58]} Kxh8 {[%clk 00:13:23]}
{[%emt 00:00:06]} 30. Qh5 {[%clk 00:10:48]} {[%emt 00:00:24]} Qc1+ {[%clk
00:13:31]} {[%emt 00:00:22]} 31. Rf1 {[%clk 00:11:00]} {[%emt 00:00:18]} Qg5
{[%clk 00:13:26]} {[%emt 00:00:35]} 32. Qh3 {[%clk 00:10:11]} {[%emt 00:01:18]}
Qxg2+ {[%clk 00:10:04]} {[%emt 00:03:53]} 33. Qxg2 {[%clk 00:10:36]} {[%emt
00:00:06]} Bxg2 {[%clk 00:10:31]} {[%emt 00:00:02]} 34. Kxg2 {[%clk 00:11:05]}
{[%emt 00:00:02]} a3 {[%clk 00:09:52]} {[%emt 00:01:08]} 35. Ra1 {[%clk
00:10:44]} {[%emt 00:00:51]} a2 {[%clk 00:09:16]} {[%emt 00:01:07]} 36. Nb5
{[%clk 00:10:18]} {[%emt 00:00:55]} Ra5 {[%clk 00:09:27]} {[%emt 00:00:18]} 37.
Nc3 {[%clk 00:10:21]} {[%emt 00:00:27]} Nc6 {[%clk 00:09:53]} {[%emt 00:00:05]}
38. Rxa2 {[%clk 00:08:53]} {[%emt 00:01:58]} Rxa2+ {[%clk 00:10:18]} {[%emt
00:00:05]} 39. Nxa2 {[%clk 00:09:19]} {[%emt 00:00:04]} Nxe5 {[%clk 00:10:35]}
{[%emt 00:00:12]} 40. Kg3 {[%clk 00:09:21]} {[%emt 00:00:28]} Kg7 {[%clk
00:09:21]} {[%emt 00:01:43]} 41. Kf4 {[%clk 00:09:33]} {[%emt 00:00:18]} Kf6
{[%clk 00:09:23]} {[%emt 00:00:28]} 42. Nc3 {[%clk 00:09:38]} {[%emt 00:00:25]}
Nc4 {[%clk 00:04:51]} {[%emt 00:05:02]} 43. Kg4 {[%clk 00:08:55]} {[%emt
00:01:14]} e5 {[%clk 00:03:56]} {[%emt 00:01:24]} 44. h3 {[%clk 00:08:04]}
{[%emt 00:01:22]} Nd6 {[%clk 00:04:15]} {[%emt 00:00:10]} 45. Nd5+ {[%clk
00:08:05]} {[%emt 00:00:30]} Kg6 {[%clk 00:03:08]} {[%emt 00:01:36]} 46. Nxb6
{[%clk 00:08:28]} {[%emt 00:00:09]} h5+ {[%clk 00:02:42]} {[%emt 00:00:53]} 47.
Kf3 {[%clk 00:08:15]} {[%emt 00:00:44]} Kf5 {[%clk 00:02:38]} {[%emt 00:00:34]}
48. Nd5 {[%clk 00:08:13]} {[%emt 00:00:32]} e4+ {[%clk 00:01:59]} {[%emt
00:01:10]} 49. Ke3 {[%clk 00:06:26]} {[%emt 00:02:16]} Ke5 {[%clk 00:00:57]}
{[%emt 00:01:33]} 50. Ne7 {[%clk 00:06:26]} {[%emt 00:00:29]} Nf5+ {[%clk
00:01:03]} {[%emt 00:00:26]} 51. Nxf5 {[%clk 00:06:44]} {[%emt 00:00:09]} Kxf5
{[%clk 00:01:31]} {[%emt 00:00:02]} 52. Kf2 {[%clk 00:06:52]} {[%emt 00:00:21]}
Kf4 {[%clk 00:01:54]} {[%emt 00:00:08]} 53. Ke2 {[%clk 00:07:11]} {[%emt
00:00:12]} h4 {[%clk 00:01:47]} {[%emt 00:00:36]} 54. Kf2 {[%clk 00:07:32]}
{[%emt 00:00:10]} e3+ {[%clk 00:01:59]} {[%emt 00:00:18]} 55. Ke2 {[%clk
00:07:51]} {[%emt 00:00:10]} f6 {[%clk 00:02:06]} {[%emt 00:00:24]} 56. Ke1
{[%clk 00:08:06]} {[%emt 00:00:14]} Kg3 {[%clk 00:02:10]} {[%emt 00:00:25]} 57.
Kf1 {[%clk 00:08:14]} {[%emt 00:00:23]} Kxh3 {[%clk 00:02:06]} {[%emt
00:00:33]} 58. Kg1 {[%clk 00:07:52]} {[%emt 00:00:53]} e2 {[%clk 00:02:16]}
{[%emt 00:00:19]} 59. Kf2 {[%clk 00:08:13]} {[%emt 00:00:09]} e1=Q+ {[%clk
00:02:38]} {[%emt 00:00:07]} 60. Kxe1 {[%clk 00:08:42]} {[%emt 00:00:01]} Kg2
{[%clk 00:02:54]} {[%emt 00:00:15]} 0-1